Music Quiz

Random Music or Kpop Quiz

4 Second Kpop Songs II (female) Quiz Stats

 Plays Quiz not verified by Sporcle

Challenge
Share
Tweet
Score 0/25 Timer 04:00
0 Plays Today
Time Song Title % Correct
0:32Cheer Up
92.6%
0:28No No No
92.2%
1:08Ice Cream Cake
89.7%
0:16Touch My Body
82.2%
0:08Into the New World
75.6%
0:24Bad Girl, Good Girl
71%
0:56Expectation
65.2%
0:5224 Hours
63.6%
1:28Mister
62.4%
1:32NU ABO
58.7%
0:12Heaven
57.7%
0:40Some
55.1%
1:20Be My Baby
52.7%
Time Song Title % Correct
0:20Short Hair
51.1%
0:04Shy Boy
49.7%
0:44Good Day
47.3%
0:00Bo Peep
41.6%
1:36Change
40%
0:48U Go Girl
37.6%
0:36Go Away
29%
1:12Magic Girl
24.5%
1:16Muzik
22.5%
1:00Hurricane Venus
22.2%
1:24Bloom
18.8%
1:042Hot
16.1%

You're not logged in!

Compare scores with friends on all Sporcle quizzes.
Join for Free
OR
Log In

You Might Also Like...

Show Comments

Extras

Curator's Pick Jul 26, 2016ReportNominate
Tags:Kpop Quiz, Audio Quiz, Kpop Quiz

Top Quizzes Today


Score Distribution

Your Account Isn't Verified!

In order to create a playlist on Sporcle, you need to verify the email address you used during registration. Go to your Sporcle Settings to finish the process.

Report this User

Report this user for behavior that violates our Community Guidelines.

Details: